Geografía : argentina en el contexto mundial /
Guardado en:
| Autor Principal: | |
|---|---|
| Formato: | Libro |
| Publicado: |
Buenos Aires :
Santillana,
2013
|
| Series: | Conocer +
|
| Materias: | |
| Etiquetas: |
Agregar Etiqueta
Sin Etiquetas, Sea el primero en etiquetar este registro!
|
| LEADER | 01415nam a22002415a 4500 | ||
|---|---|---|---|
| 001 | CEM.cems014502 | ||
| 005 | 20141022155655.0 | ||
| 008 | 130507s2013##################000#0#####d | ||
| 003 | CEMS | ||
| 020 | |a 9789504633747 | ||
| 082 | 0 | 4 | |a Z330.982 |
| 100 | 1 | |a Arzeno, Mariana B. | |
| 245 | 1 | 0 | |a Geografía : |b argentina en el contexto mundial / |c Mariana B. Arzeno .. y Otros |
| 260 | |a Buenos Aires : |b Santillana, |c 2013 | ||
| 300 | |a 256 p. | ||
| 490 | 0 | |a Conocer + | |
| 505 | 0 | |a Asimetrías territoriales en el mundo -- Asimetrías territoriales en la Argentina -- Nación, provincia, municipios -- Valoración de los recursos naturales -- Producción agropecuaria y circuitos agroindustriales -- Las industrias -- La minería en la Argentina -- La producción energética en la Argentina -- La actividad forestal en la Argentina -- La actividad pesquera y acuícola -- Recursos naturales estratégicos -- Bienes comunes de la Tierra -- Problemas ambientales --La población de la Argentina -- Condiciones y calidad de vida -- Los movimientos sociales en la Argentina -- Urbanización en distintas escalas -- El mayor espacio metropolitano del país -- Infraestructura de transporte | |
| 653 | |a Geografía | ||
| 653 | |a Geografía argentina | ||
| 653 | |a Geografía mundial | ||
| 653 | |a Geografía económica | ||
| 653 | |a Geografía de la población | ||
| 859 | |a CEMS |b BIB. CEMS - 11 de abril |h Z330.982 |i Ar89 |p 27065.14 |t Ej.1 | ||
